Banská Štiavnica, Radničné nám. 9, hotel Metropol – pamiatková obnova a adaptácia meštianskeho domu

Gespeichert in:
Bibliographische Detailangaben
1. Verfasser: Šefčík, Šimon (Verfasst von)
Weitere Verfasser: Terao Vošková, Katarína (Betreuung Doktorarbeit)
Format: Manuskript Buch
Sprache:Slowakisch
Veröffentlicht: 2024
Schlagworte:
Online-Zugang:http://is.stuba.sk/zp/portal_zp.pl?podrobnosti=178909
Tags: Tag hinzufügen
Keine Tags, Fügen Sie das erste Tag hinzu!

MARC

LEADER 00000ntm a22000003a 4500
001 stuzp99304
003 SK-STU
005 20240608213008.9
007 ta
008 150427s2015----xo-----f-mn---000-0-slo-d
040 |a STU  |b slo 
041 0 |a slo 
100 1 |a Šefčík, Šimon  |u 053130  |4 aut  |U FAD Fakulta architektúry a dizajnu  |T FAD Ústav dejín a teórie architektúry a obnovy pamiatok  |X 99383  |U A3130  |Y 394  |7 99383 
242 0 1 |a Banská Štiavnica, City Hall Square. 9, Hotel Metropol – Restoration and Adaptation of the Town house  |y eng 
245 1 0 |a Banská Štiavnica, Radničné nám. 9, hotel Metropol – pamiatková obnova a adaptácia meštianskeho domu 
260 |c 2024 
650 4 |a Metropol  |2 slo 
650 4 |a Obnova  |2 slo 
650 4 |a Banská Štiavnica  |2 slo 
650 4 |a Banská Štiavnica  |2 eng 
650 4 |a Metropol  |2 eng 
650 4 |a Renewal  |2 eng 
700 1 |a Terao Vošková, Katarína  |u 053130  |k Z2  |4 ths  |U FAD Fakulta architektúry a dizajnu  |T FAD Ústav dejín a teórie architektúry a obnovy pamiatok  |X 38058  |U A3130  |Y 394  |7 A000038058 
856 4 |u http://is.stuba.sk/zp/portal_zp.pl?podrobnosti=178909